|
|
|
|
| LEADER |
00000nam a22000007a 4500 |
| 005 |
20120917154246.0 |
| 007 |
cr|||| |||| |
| 008 |
120917c20112010mx |||| s|||| 0||| 1spa d |
| 035 |
|
|
|a 6693
|
| 040 |
|
|
|a vLex
|
| 090 |
|
|
|c 3420
|d 3420
|
| 245 |
0 |
0 |
|a Revista latinoamericana de mediacin̤ y arbitraje
|h [Recurso electrn̤ico]
|
| 256 |
|
|
|a Servicio en ln̕ea
|
| 260 |
|
|
|a [s.l.]:
|b Revista latinoamericana de mediacin̤ y arbitraje,
|c 2001 -
|
| 300 |
|
|
|a 1 recurso electrn̤ico
|
| 310 |
|
|
|a Bianual
|
| 506 |
1 |
|
|a Contenido solo disponible en los productos indicados
|d vLex Global
|d vLex Global (Academic Edition, excluding Law Schools)
|d vLex Global (U.S. Academic Edition, Law Schools)
|d vLex Global (U.S. Academic Edition, excluding Law Schools)
|d vLex Global (Academic Edition, Law Schools)
|
| 650 |
0 |
4 |
|a Arbitraje y laudo (Derecho Romano)
|z Mx̌ico
|
| 740 |
0 |
|
|a vLex Revistas (Servicio en ln̕ea)
|
| 856 |
4 |
0 |
|u http://vlex.com/source/revista-latinoamericana-mediacion-arbitraje-6693
|z Acceso restrignido
|
| 942 |
|
|
|c REV
|
| 999 |
0 |
|
|a Arbitration and award (Roman law)
|